| 000 | 01337nam a22003494a 4500 | ||
|---|---|---|---|
| 001 | ebr10296656 | ||
| 003 | CaPaEBR | ||
| 006 | m u | ||
| 007 | cr cn||||||||| | ||
| 008 | 071214s2008 caua sb 000 0 eng | ||
| 010 | _z 2007049560 | ||
| 020 | _z9780787990923 (pbk.) | ||
| 040 |
_aCaPaEBR _cCaPaEBR |
||
| 035 | _a(OCoLC)608624006 | ||
| 050 | 1 | 4 |
_aHF5549.5.T7 _bT6636 2008eb |
| 082 | 0 | 4 |
_a658.3/124 _222 |
| 245 | 0 | 4 |
_aThe Trainer's Warehouse book of games _h[electronic resource] : _bfun and energizing ways to enhance learning / _cElaine Biech, editor. |
| 260 |
_aSan Francisco : _bJossey-Bass, _cc2008. |
||
| 300 |
_axvii, 417 p. : _bill. |
||
| 504 | _aIncludes bibliographical references. | ||
| 533 |
_aElectronic reproduction. _bPalo Alto, Calif. : _cebrary, _d2013. _nAvailable via World Wide Web. _nAccess may be limited to ebrary affiliated libraries. |
||
| 650 | 0 |
_aEmployees _xTraining of. |
|
| 650 | 0 | _aOrganizational learning. | |
| 650 | 0 | _aExperiential learning. | |
| 650 | 0 | _aEducational games. | |
| 650 | 0 | _aGroup games. | |
| 655 | 7 |
_aElectronic books. _2local |
|
| 700 | 1 | _aBiech, Elaine. | |
| 710 | 2 | _aTrainer's Warehouse (Firm) | |
| 710 | 2 | _aebrary, Inc. | |
| 856 | 4 | 0 |
_uhttp://site.ebrary.com/lib/rucke/Doc?id=10296656 _zAn electronic book accessible through the World Wide Web; click to view |
| 999 |
_c77786 _d77786 |
||